Statistiques concernant Les Tableaux du prime #3 - Star Académy 2022

Cliquez ici pour prendre le quiz!

Statistiques générales

  • Ce quiz a été pris 57 fois
  • Le résultat moyen est 26 sur 44

Statistiques - réponses

Réponse% Correct
AcadémiciensEnola
93%
AcadémiciensJulien
93%
AcadémiciensCarla
88%
AcadémiciensChris
88%
AcadémiciensLéa
88%
AcadémiciensLouis
88%
AcadémiciensTiana
88%
AcadémiciensAnisha
86%
AcadémiciensPaola
86%
AcadémiciensStanislas
86%
AcadémiciensAhcène
84%
AcadémiciensCenzo
84%
Interprète originalCéline Dion
79%
Artistes confirmésGims
72%
ChansonsNe partez pas sans moi
72%
Artistes confirmésKeen'v
60%
Artistes confirmésVeronique Sanson
60%
ChansonsJ'me tire
58%
Interprète originalDalida (Izïa)
56%
Artistes confirmésHyphen Hyphen
56%
Artistes confirmésZaz
56%
ChansonsLaissez-moi danser
53%
ChansonsOutété
53%
Interprète originalABBA
51%
ChansonsChanger
51%
Interprète originalJustin Bieber
51%
ChansonsDancing Queen
49%
ChansonsDans un autre monde
49%
ChansonsParce qu'on vient de loin
49%
Interprète originalCorneille
47%
ChansonsJe veux
47%
ChansonsL'envie d'aimer
47%
Artistes confirmésTom Gregory
44%
ChansonsDis-moi
42%
ChansonsLonely
42%
Interprète originalBB Brunes
40%
Interprète originalDaniel Lévi
40%
ChansonsEblouie par la nuit
40%
ChansonsMa révérence
40%
ChansonsLes moulins de mon coeur
33%
ChansonsOn ira
30%
ChansonsToo Young
30%
ChansonsFingertips
21%
Interprète originalMichel Legrand
21%

Distribution des résultats

Percentile par nombre de réponses

% des personnes avec chaque résultat

Votre développement - résultats

Vous n’avez pas pris ce quiz